Panitikan ng ibat ibang Rehiyon ng Pilipinas (Record no. 8032)

MARC details
000 -LEADER
fixed length control field 00723nam a22002417i 4500
003 - CONTROL NUMBER IDENTIFIER
control field URS
005 - DATE AND TIME OF LATEST TRANSACTION
control field 20220117094857.0
008 - FIXED-LENGTH DATA ELEMENTS--GENERAL INFORMATION
fixed length control field 160521b xxu||||| |||| 00| 0 eng d
020 ## - INTERNATIONAL STANDARD BOOK NUMBER
International Standard Book Number 9789719905509
040 ## - CATALOGING SOURCE
Description conventions rda
Transcribing agency URSP-College LIbrary
Language of cataloging eng
050 ## - LIBRARY OF CONGRESS CALL NUMBER
Item number 899.211 Es9p 2013
100 1# - MAIN ENTRY--PERSONAL NAME
Personal name Espina, Leticia D.
245 ## - TITLE STATEMENT
Title Panitikan ng ibat ibang Rehiyon ng Pilipinas
Statement of responsibility, etc. Espina, Leticia D.
264 #1 - PRODUCTION, PUBLICATION, DISTRIBUTION, MANUFACTURE, AND COPYRIGHT NOTICE
Place of production, publication, distribution, manufacture Manila
Name of producer, publisher, distributor, manufacturer Mindshapers Company,Inc.
Date of production, publication, distribution, manufacture, or copyright notice 2013.
300 ## - PHYSICAL DESCRIPTION
Extent x, 315pages
Dimensions 25cm
336 ## - CONTENT TYPE
Content type term text
Content type code txt
Source rdacontent
337 ## - MEDIA TYPE
Media type term unmediated
Media type code n
Source rdamedia
338 ## - CARRIER TYPE
Carrier type term volume
Carrier type code nc
Source rdacarrier
500 ## - GENERAL NOTE
General note Includes bibliyograpiya
650 #0 - SUBJECT ADDED ENTRY--TOPICAL TERM
Topical term or geographic name entry element Philippine literature.
700 1# - ADDED ENTRY--PERSONAL NAME
Personal name Placencia, Norly R.
942 ## - ADDED ENTRY ELEMENTS (KOHA)
Source of classification or shelving scheme Library of Congress Classification
Koha item type Filipiniana
Holdings
Withdrawn status Source of classification or shelving scheme Damaged status Not for loan Collection code Home library Current library Shelving location Date acquired Coded location qualifier Total Checkouts Full call number Barcode Date last seen Price effective from Koha item type Copy number
  Library of Congress Classification     Non-fiction Pililla College Library Pililla College Library General Stacks 05/21/2016 purchased   899.211 M32F 2011 URSPIL-3663 05/21/2016 05/21/2016 Filipiniana  
  Library of Congress Classification     Non-fiction Pililla College Library Pililla College Library General Stacks 05/21/2016 purchased   899.211 M32F 2011 URSPIL-3664 05/21/2016 05/21/2016 Filipiniana  
  Library of Congress Classification     Non-fiction Pililla College Library Pililla College Library General Stacks 11/11/2017     899.211 Es9p 2013 URSPIL-3725. 07/24/2018 11/11/2017 Filipiniana 1
  Library of Congress Classification     Non-fiction Rodriguez College Library Rodriguez College Library Reference 02/22/2017     PL5532 Es651 2013 URSROD-4246 02/22/2017 02/22/2017 Filipiniana  
  Library of Congress Classification     Non-fiction Rodriguez College Library Rodriguez College Library Reference 02/22/2017     PL5532 Es651 2013 URSROD-4247 02/22/2017 02/22/2017 Filipiniana  

University of Rizal System
Email us at univlibservices@urs.edu.ph

Visit our Website www.urs.edu.ph/library